| 000 | 00601cam a22002053a 4500 | ||
|---|---|---|---|
| 001 | 39118 | ||
| 003 | PGUSA | ||
| 005 | 20140828083852.0 | ||
| 008 | 120312s2012||||xxu|||||s|||||000 | eng d | ||
| 040 |
_aPGUSA _beng |
||
| 042 | _adc | ||
| 100 | 1 |
_aBesant, Annie, _d1847-1933 |
|
| 245 | 1 | 4 |
_aThe Christian Creed; or, What it is Blasphemy to Deny _h[electronic resource] / _cAnnie Besant |
| 260 |
_bProject Gutenberg, _c2012 |
||
| 506 | _aPublic domain in the USA. | ||
| 516 | _aElectronic text | ||
| 830 | 0 |
_aProject Gutenberg _v39118 |
|
| 856 | 4 | 0 | _uhttp://www.gutenberg.org/ebooks/39118 |
| 942 | _cEB | ||
| 999 |
_c268371 _d268371 |
||